000 00780nam a2200265 4500
001 1969
010 _a9789895760039
021 _aPT
_b520529/23
090 _a1969
100 _a20251118d2023 m||y0pory50030103ba
101 _apor
102 _aPT
200 _aAquele por quem o escândalo chega
_fRené Girard
_gtrad. Maria José Figueiredo
205 _a1ª edição
210 _aLisboa
_cGuerra & Paz
_d2023
215 _a124, [4] p.
_d23 cm
225 _aOs livros não se rendem
300 _aBMB-Registado
304 _aTít. orig.: Celui par qui le scandale arrive
606 _91441
_aComportamento social
675 _a316.62
_vBMB
_zpor
700 _aGirard
_bRené
_f1923-2015
_92826
702 1 _aFigueiredo,
_bMaria José,
_f1963-
_4730
801 _aPT
_bBMB
_gRPC
990 _cLIVROS